Регионална библиотека "Любен Каравелов" - Русе

Забранената книга (Запис номер 82413)

MARC детайли
000 -Лидер
Контролно поле с фиксирана дължина 01500nam a2200337 c 4500
003 - Код на организацията, давaща контролен номер
Контролно поле BLK
005 - Дата и час на последна редакция
Контролно поле 20250605164720.0
008 - Елементи от данни с фиксирана дължина
fixed length control field 180408b bul|||||r ||||||| ||bul||
010 ## - Наследен системен номер
LC control number KNG00086944000
020 ## - Международен стандартен номер на книга ISBN
Международен стандартен номер на книга ISBN 978-954-585-968-7
-- издат.: Бард
040 ## - Източник на каталожния запис
Идентификатор на билиотеката - собственик на записа BLK
041 ## - Код за език
Код за езика на текст/звукозапис или на отделно заглавие Български
Код за езика КДБФ Български
080 ## - УДК
Текстов определител УДК Американска литература (на САЩ)
УДК код - определител по УДК 821.111(73)
УДК определител -312.4
УДК - код + определител 821.111(73)-312.4
100 1# - Редна дума - Автор
Автор Мина ди Соспиро, Гуидо
Авторска отговорност първи автор
R(LIN) 300513
139 ## - Редно поле
Редна дума Мина ди Соспиро, Гуидо и др.
Авторски знак Мин - М 62
245 10 - Сведения за заглавието
Заглавие Забранената книга
Подзаглавни данни Роман
Редно поле (дума) Гуидо Мина ди Соспиро; съавт. Джослин Годуин; прев. Асен Георгиев Георгиев.
257 ## - Страна на издаване
Страна на създаване/издаване Съединени американски щати
260 ## - Област на издателските данни
-- София
Име на издателя, разпространителя и проч. Бард
Година на издаване 2008
300 ## - Физическа характеристика
Страници 412 с.
Размери/Мащаб 21 см
380 ## - Жанр
Жанр Худож. лит.
490 1# - СЕРИИ (Колекции)
Име на серия Кралете на трилъра
500 ## - Общи забележки
Забележка Ориг. загл. The Forbidden Book / Guido Mina di Sospiro Joscelyn Godwin.
700 1# - Други автори (авторска отговорност)
Лично име Годуин, Джослин
Автороска отговорност (Описва отношението между автора и произведението) съавт.
9 (RLIN) 300514
700 ## - Други автори (авторска отговорност)
Лично име Георгиев, Асен Георгиев
Звания и думи, свързани с автора Бълг. филолог, прев. от англ. и немски език; гл. ред. на сп. Библиотека
Дати, свързани с автора 1953 -
9 (RLIN) 367673
852 ## - Местоположение
Форматна сигнатура Цб 242169
856 4# - Електронен адрес и достъп
Електронен формат pdf - файл
Път до файла /url/
856 4# - Електронен адрес и достъп
Електронен формат pdf - файл
Път до файла /url/
942 ## - АРТИКУЛИ
Вид на библиотечния материал Книги
Скрит в OPAC Не
Koha issues (borrowed), all copies 27
944 ## - СЪЗДАВАНЕ И РЕДАКЦИЯ на ЗАПИСА
Създаване/Редакция Създаване
Дата на регистрацията/редакция 17.12.2008
Статус, дата на статуса Севдалина Тодорова
Служител, извършил регистрацията/редакцията 30540
944 ## - СЪЗДАВАНЕ И РЕДАКЦИЯ на ЗАПИСА
Създаване/Редакция Редакция
Дата на регистрацията/редакция 28.10.2011
Статус, дата на статуса ф /
Служител, извършил регистрацията/редакцията
999 ## - СИСТЕМНИ КОНТРОЛНИ НОМЕРА
Koha biblionumber 82413
Koha biblioitemnumber 82413
Наличности
Код за отписване Код за изгубен артикул Код за повреда Коз за рестрикции Код за отдаване Артикулен № Име на библиотеката - собственик Име на библиотеката, в която се намира в момента Статус (Текущо местоположение) Дата на вписване в системата Местоположение - отдел Цена в лева Инвентарен номер Систематично азбучна сигнатура Баркод Номер на екземпляра Цена в евро Служебна бележка Служебен тип на артикула
Изтеглен Не е изгубен Не е повреден без рестрикции заемане за дома 134026 Регионална библиотека "Любен Каравелов" Русе Регионална библиотека "Любен Каравелов" Русе Заемна - подръчен фонд 2008-12-17 Заемна - подръчен фонд 10.99 120000732211 П 820(73)-31/Д 53 120000732211 1 5.62 Дост: Pk Вид: Ф N: 270 Дата: 11.12.2008 Дата инв: 14.02.2018 Бележки инв: П2018 Книги
  Не е изгубен Не е повреден без рестрикции заемане за дома 134027 Регионална библиотека "Любен Каравелов" Русе Регионална библиотека "Любен Каравелов" Русе Заемна - подръчен фонд 2008-12-17 Заемна - подръчен фонд 10.99 120000732212 П 820(73)-31/Д 53 120000732212 2 5.62 Дост: Pk Вид: Ф N: 270 Дата: 11.12.2008 Дата инв: 14.02.2018 Бележки инв: П2018 Книги
  Не е изгубен Не е повреден без рестрикции заемане за дома 134028 Регионална библиотека "Любен Каравелов" Русе Регионална библиотека "Любен Каравелов" Русе Заемна - подръчен фонд 2008-12-17 Заемна - подръчен фонд 10.99 120000732213 П 820(73)-31/Д 53 120000732213 3 5.62 Дост: Pk Вид: Ф N: 270 Дата: 11.12.2008 Дата инв: 14.02.2018 Бележки инв: П2018 Книги
  Не е изгубен Не е повреден без рестрикции ползва се в читалня 134029 Регионална библиотека "Любен Каравелов" Русе Регионална библиотека "Любен Каравелов" Русе Хранилище 2011-07-07 Хранилище 10.99 120000751769 Цб 242169 120000751769 4 5.62 Дост: Dp Вид: Д N: 4 Дата: 24.01.2011 Книги
Vip Innovations Ltd, Rousse, Bulgaria 2025